000 00968 a2200193 4500
003 Nust
005 20170207152509.0
010 _a 80502717
020 _a019431104X (pbk.)
040 _cNust
082 0 0 _a423
100 1 _aUnderhill, Adrian.
245 1 0 _aUse your dictionary :
_ba practice book for users of Oxford advanced learner's dictionary of current English and Oxford student's dictionary of current English /
_cAdrian Underhill.
260 _aOxford ;
_aNew York :
_bOxford University Press,
_c1980.
300 _a56 p. :
_bill. ;
_c30 cm.
505 _aIntroduction,5. The Dictionary Entery,7.Chapter.2.The Dictionary and Writing,13.Chapter.3.The Dictionary and Speaking,16.Chapter.4The Dictionary and Grammer,26.Chapter.5.The Meanings of Words and Phrases,32.Chapter.6.Futher Suggestions for the student,48.Chapter.7.Futher Suggestions for the Teacher
538 _aAlmirah No.23 Shelf No.1
650 0 _aEnglish language
_xDictionaries
_xProblems, exercises, etc.
942 _cREF
999 _c175686
_d175686